Encuentro sobre la deuda externa de América Latina y el Caribe, 4

Gespeichert in:
Bibliographische Detailangaben
Format: Text
Veröffentlicht: La Habana: Gramna
Tags: Tag hinzufügen
Keine Tags, Fügen Sie den ersten Tag hinzu!

MARC

LEADER 00000 a a2200000 04500
001 23758
003
040
090 |a 168000  
245 |a Encuentro sobre la deuda externa de América Latina y el Caribe, 4  
260 |a La Habana:   |b Gramna  
300 |a 12 p.  
999 |c 12203  |d 12203